|
|
|
|
| LEADER |
00000cam a22000004a 4500 |
| 001 |
musev2_1497 |
| 003 |
MdBmJHUP |
| 005 |
20230905040224.0 |
| 006 |
m o d |
| 007 |
cr||||||||nn|n |
| 008 |
091103s2010 nbu o 00 0 eng d |
| 010 |
|
|
|z 2009045921
|
| 020 |
|
|
|a 9780803230194
|
| 020 |
|
|
|z 0803230192
|
| 020 |
|
|
|z 9780803228092
|
| 020 |
|
|
|z 0803228090
|
| 035 |
|
|
|a (OCoLC)707932562
|
| 040 |
|
|
|a MdBmJHUP
|c MdBmJHUP
|
| 043 |
|
|
|a ff-----
|a e-fr---
|
| 050 |
0 |
4 |
|a PN1995.9.P6
|b O75 2010
|
| 082 |
0 |
|
|a 791.43/65861
|2 22
|
| 100 |
1 |
|
|a O'Riley, Michael F.
|
| 245 |
1 |
0 |
|a Cinema in an Age of Terror :
|b North Africa, Victimization, and Colonial History /
|c Michael F. O'Riley.
|
| 264 |
|
1 |
|a Lincoln :
|b University of Nebraska Press,
|c 2010.
|
| 264 |
|
3 |
|a Baltimore, Md. :
|b Project MUSE,
|c 2012
|
| 264 |
|
4 |
|c ©2010.
|
| 300 |
|
|
|a 1 online resource (208 pages).
|
| 336 |
|
|
|a text
|b txt
|2 rdacontent
|
| 337 |
|
|
|a computer
|b c
|2 rdamedia
|
| 338 |
|
|
|a online resource
|b cr
|2 rdacarrier
|
| 490 |
0 |
|
|a France overseas
|
| 504 |
|
|
|a Includes bibliographical references and index.
|
| 505 |
0 |
|
|a Introduction -- Resuscitating The Battle of Algiers : the politics of race in the War on Iraq -- Mapping national identity and unrealized union : Rachid Bouchareb's Indigenes -- Hidden maps of victimization : the haunting key to colonial victimization in Cache -- Creating an old Maghreb : beur cinema and East-West polarities -- Colonial cinema and the aesthetics of postcolonial victimization : Pepe le Moko and Assia Djebar's La disparition de la langue française.
|
| 588 |
|
|
|a Description based on print version record.
|
| 650 |
|
0 |
|a East and West in motion pictures.
|
| 650 |
|
0 |
|a Postcolonialism in motion pictures.
|
| 650 |
|
0 |
|a Imperialism in motion pictures.
|
| 650 |
|
0 |
|a Motion pictures
|z France
|x History
|y 20th century.
|
| 650 |
|
0 |
|a Motion pictures
|x Political aspects.
|
| 651 |
|
0 |
|a France
|x In motion pictures.
|
| 651 |
|
0 |
|a Algeria
|x History
|y Revolution, 1954-1962
|x Motion pictures and the revolution.
|
| 651 |
|
0 |
|a Africa, North
|x In motion pictures.
|
| 655 |
|
7 |
|a Electronic books.
|2 local
|
| 710 |
2 |
|
|a Project Muse.
|e distributor
|
| 830 |
|
0 |
|a France overseas.
|
| 830 |
|
0 |
|a Book collections on Project MUSE.
|
| 856 |
4 |
0 |
|z Texto completo
|u https://projectmuse.uam.elogim.com/book/1497/
|
| 945 |
|
|
|a Project MUSE - Custom Collection
|
| 945 |
|
|
|a Project MUSE - 2010 Film, Theater and Performing Arts
|
| 945 |
|
|
|a Project MUSE - Archive African Studies Foundation
|
| 945 |
|
|
|a Project MUSE - 2010 Complete
|